00500nas a2200169 a 450000100100000000500170001000800410002704000250006804300090009324500250010226000680012730000250019531000160022036200250023650000520026199900170031300003751520200930080415.0120420c20069999dr ur1p dd 0 0spa d aDO-SdBNPbspacBNPHU anwdr00aHortensias magazine. aBonao, República Dominicana : Alejandrina Hernández,c2006. av.- :bil. ;c29 cm. aDesconocido1 aNo. 1, (Agosto 2006) aCatalogación basada en : No. 1, (Agosto 2006) c37005d37005